000 01422cam a22004097a 4500
003 CHAP
005 20220817041418.0
008 971013s r 00010 d
010 _a13695
011 _a14667
035 _a18741
040 _cCHAP
082 _a333
_bB4
100 0 0 _aBeek, Klaas Jan.
_911249
245 0 _aEvaluación de tierras para la planificación del uso rural ; un método ecológico
260 _aSantiago :
_bFAO. Oficina Regional para América Latina,
_c(s.a.)
300 _a74 p. anexos
410 _aFAO
490 0 _aBoletín Latinoamericano sobre Fomento de Tierras y Aguas
_v; 3
500 _aProyecto Regional FAO/PNUD RLA 70/457
590 _aBATCH-UPD
_b10
_c20130109
_lUCH01
_h2336
590 _aBATCH-UPD
_b10
_c20130110
_lUCH01
_h1431
590 _aBATCH-UPD
_b10
_c20130410
_lUCH01
_h0907
590 _aBATCH-UPD
_b10
_c20130914
_lUCH01
_h0555
590 _aCONVERSION
_b10
_c20130109
_lUCH01
_h1309
650 1 4 _aTierras
_xAprovechamiento.
_9113069
650 1 4 _aTierras
_xClasificación.
_9113095
650 1 4 _aTierras
_xValoración.
_9113268
700 0 _aBennema, Jakob.
_911601
710 0 _aFAO.
810 0 _aFAO
830 0 _aBoletín Latinoamericano sobre Fomento de Tierras y Aguas
_v; 3
_913554
901 _aBK
942 _cLIBRO
949 _a333 B4
_bBC
_cLIBRO
_d-43602
_eLIBRO
_h28935
_i18741
_si
949 _a333 B4
_bBC
_cLIBRO
_d-43603
_eLIBRO
_fc.2
_h31620
_i18741
_si
999 _c13695
_d13695